00501nam a22001577a 450000500170000000800410001702000180005804000290007605000250010510000300013024500630016025000120022326000540023530000100028965000440029920230404162544.0230404b |||||||| |||| 00| 0 eng d a9781284123036 cChuka University LIbrary aQA 76.9 b.N 85 2019 aNull, Linda. Lobur, Julia aThe Essentials Of Computer Organization and Architecture / a5th ed. aBurlington, MAbJones and Bartlett Learningc2019 a744p. aComputer Organization and Architecture